000 00281nam a22001217a 4500
008 170529b xxu||||| |||| 00| 0 eng d
041 _aeng
080 _a94(7/8)
100 _a16
101 _aSHH
245 _aZAPATA AND THE MEXICAN REVULOTION
_cWOMACK.J
942 _2udc
_cBK
999 _c14956
_d14956